Digital analysis of remotely sensed imagery (Record no. 1215866)

MARC details
000 -LEADER
fixed length control field 01036nam a2200301Ia 4500
003 - CONTROL NUMBER IDENTIFIER
control field OSt
005 - DATE AND TIME OF LATEST TRANSACTION
control field 20221007125819.0
008 - FIXED-LENGTH DATA ELEMENTS--GENERAL INFORMATION
fixed length control field 221006b |||||||| |||| 00| 0 eng d
020 ## - INTERNATIONAL STANDARD BOOK NUMBER
International Standard Book Number 9780071604659 (hbd)
037 ## - SOURCE OF ACQUISITION
Terms of availability Textbook
040 ## - CATALOGING SOURCE
Original cataloging agency DGL
Transcribing agency DGL
Language of cataloging eng
041 ## - LANGUAGE CODE
Source of code eng
Language code of text/sound track or separate title eng
100 ## - MAIN ENTRY--PERSONAL NAME
Personal name Gao Jay
9 (RLIN) 722554
245 #0 - TITLE STATEMENT
Title Digital analysis of remotely sensed imagery
260 ## - PUBLICATION, DISTRIBUTION, ETC.
Place of publication, distribution, etc. New York
Name of publisher, distributor, etc. McGraw Hill
Date of publication, distribution, etc. 2009
300 ## - PHYSICAL DESCRIPTION
Extent xxiii, 645p.
Dimensions cm.
500 ## - GENERAL NOTE
General note Includes bibliographical references.; Index 619-645p.
650 ## - SUBJECT ADDED ENTRY--TOPICAL TERM
Topical term or geographic name entry element Applied optics
9 (RLIN) 722555
650 ## - SUBJECT ADDED ENTRY--TOPICAL TERM
Topical term or geographic name entry element Environmental engineering and technology
9 (RLIN) 722556
650 ## - SUBJECT ADDED ENTRY--TOPICAL TERM
Topical term or geographic name entry element Image Processing-digital techniques
9 (RLIN) 722557
650 ## - SUBJECT ADDED ENTRY--TOPICAL TERM
Topical term or geographic name entry element Remote sensing images-data processing
9 (RLIN) 722558
650 ## - SUBJECT ADDED ENTRY--TOPICAL TERM
Topical term or geographic name entry element Geology
942 ## - ADDED ENTRY ELEMENTS (KOHA)
Classification part H:(U188), P9 Carg
Koha item type Textbook
Source of classification or shelving scheme Colon Classification (CC)
Holdings
Withdrawn status Lost status Source of classification or shelving scheme Damaged status Not for loan Home library Current library Date acquired Source of acquisition Total Checkouts Full call number Barcode Date last seen Price effective from Koha item type
    Colon Classification (CC)     Department of Geology Library Department of Geology Library 2022-10-07 527, 23/03/2011, Aviva Books Company   H:(U188) P9 Carg SL0G00064 2022-10-07 2022-10-07 Textbook
Copyright @ Delhi University Library System